Statystyki dla Piłkarz do kraju #5

Kliknij tutaj aby rozwiązać quiz!

Ogólne statystyki

  • Ten quiz został rozwiązany 920 razy
  • Średni wynik to 15 z 18

Statystyki odpowiedzi

PiłkarzKraj% Poprawnych
Cristiano RonaldoPortugalia
100%
Sławomir PeszkoPolska
94%
Olivier GiroudFrancja
93%
Romelu LukakuBelgia
92%
Kasper SchmeichelDania
91%
David De GeaHiszpania
91%
Timo WernerNiemcy
91%
Raheem SterlingWielka Brytania
91%
Ivan PerisićChorwacja
90%
Marco van BastenHolandia
89%
Xherdan ShaqiriSzwajcaria
89%
Andrea PirloWlochy
89%
Andriej ArszawinRosja
80%
Gareth BaleWielka Brytania
73%
Michael LaudrupDania
72%
Yerry MinaKolumbia
64%
Mbaye NiangSenegal
61%
Karim AnsarifardIran
25%

Rozkład punktacji

Percentyl według liczby udzielonych odpowiedzi

Procent ludzi z każdym wynikiem

Twoja historia wyników

Nie rozwiązałeś tego quizu